00833cam a2200265 a 450000100090000000300050000900500170001400800410003101000170007202000180008902500240010703700650013104000130019604200150020904300210022405000230024508200160026810000260028424501090031026000400041930000390045950000080049865000320050665000290053817519954NUST20171218122602.0121106s2008 pk a 000 0 eng  a 2012430901 a9789698893033 aP-E-2012430901 ; 24 bLibrary of Congress -- Islamabad Overseas OfficecRs. 300.00 aDLCcDLC alcodeapcc aa-pk---aa-ii---00aGV928.P3bM33 2008 a796.358 MAH1 aMahmood, Syed Khalid.10aCricket fever :ba history of Pakistan-India tours /cSyed Khalid Mahmood ;foreword by Mushtaq Mohammad. aKarachi :bJumbo Publishing,c2008. a142p. :bill. (some col.);c22 cm. aP.B 0aCricketzPakistanxHistory. 0aCricketzIndiaxHistory.